| 000 | 01867nam a2200565 i 4500 | ||
|---|---|---|---|
| 001 | 39618 | ||
| 003 | KOSZ 005 | ||
| 005 | 20211013104749.0 | ||
| 008 | 010329s2000 pl a f f |000 0 pol | ||
| 015 | _aUWD 2001/6723 | ||
| 020 | _a8372071799 | ||
| 035 | _a991015948519705066 | ||
| 035 | _a(PL-WaBN)b14282185-48omnis_nlop | ||
| 035 | _ab14282185 | ||
| 035 | _a(OCoLC)749361352 | ||
| 035 | _azz2004888347 | ||
| 035 | _a(PL)b0000001428218 | ||
| 035 | _a(EXLNZ-48OMNIS_NETWORK)9910093261705606 | ||
| 040 |
_aWA N _cWA N _dKOSZ 005/HR |
||
| 041 | 0 | _apol | |
| 046 | _k2000 | ||
| 080 | _a621.717 | ||
| 080 | _a621.01 | ||
| 080 | _a(075.8) | ||
| 100 | 1 |
_aKowalski, Tadeusz _c(nauki techniczne) |
|
| 245 | 1 | 0 |
_aTechnologia i automatyzacja montażu maszyn / _cTadeusz Kowalski, Grzegorz Lis, Wiesław Szenajch. |
| 260 |
_aWarszawa : _bOficyna Wydawnicza Politechniki Warszawskiej, _c2000. |
||
| 300 |
_a278 s. : _bil. ; _c24 cm. |
||
| 336 |
_aTekst _btxt _2rdacontent |
||
| 337 |
_aBez urządzenia pośredniczącego _bn _2rdamedia |
||
| 338 |
_aWolumin _bnc _2rdacarrier |
||
| 380 | _aKsiążki | ||
| 380 | _aPublikacje dydaktyczne | ||
| 385 |
_mPoziom nauczania _aSzkoły wyższe |
||
| 388 | _a1901-2000 | ||
| 388 | _a1989-2000 | ||
| 504 | _aBibliogr. | ||
| 650 | 7 |
_aMaszyny _2DBN |
|
| 650 | 7 | _aTechnologia | |
| 650 | 7 | _aMontaż | |
| 650 | 7 | _aAutomatyzacja | |
| 655 | 7 |
_aPodręczniki akademickie _2DBN |
|
| 658 | _aInżynieria i technika | ||
| 700 | 1 |
_aLis, Grzegorz _c(budowa maszyn) _eAutor |
|
| 700 | 1 |
_aSzenajch, Wiesław _d(1931- ) _eAutor |
|
| 710 | 2 |
_aOficyna Wydawnicza Politechniki Warszawskiej _4pbl |
|
| 856 |
_uhttp://koha.tu.koszalin.pl/cgi-bin/koha/opac-detail.pl?biblionumber=39618 _yKatalog online BPK |
||
| 942 |
_2UKD _cKS |
||
| 999 |
_c39618 _d39618 |
||